00923nam a2200277Ia 450000500170000000800410001702000150005808200140007310000260008724500920011325000220020530000270022749000320025450400270028665000540031365000440036765000290041170000280044094200120046826400270048033600270050733700330053433800280056704000350059599900150063020220316235952.0141031s2004 sp g 000 0 spa  a849729054204a796bA96o1 aAyora Pérez, Daniel10aOrganización de eventos deportivos cDaniel Pérez Ayora, Eduardo García Sánchez aPrimera edición a204 páginas c24 cm. aBiblioteca gestor deportivo aIncluye bibliografía142LEMBaPromoción de eventos especiales vGuías142LEMBaInstalaciones deportivasvGuías142LEMBaMercadeo deportivo1 aGarcía, Eduardo98410 2ddccBK aBarcelona bINDEc2004 atextobtxt2rdacontent asin mediaciónbn2rdamedia avolumenbnc2rdacarrier aCO-BoRNBPbspaerdacCO-BoRNBP c2777d2777